| 000 | 00518nam a22001817a 4500 | ||
|---|---|---|---|
| 003 | CEME | ||
| 005 | 20210628203207.0 | ||
| 008 | 210127b xxu||||| |||| 00| 0 eng d | ||
| 020 | _a0-7506-5134-2 | ||
| 040 | _c. | ||
| 082 | _a629.26 BRO | ||
| 100 |
_aBrown, Jason .C:Robertson, A. John:Serpento, Stan .T _963894 |
||
| 245 | _aMotor vehicle structures;concepts and fundamentals | ||
| 260 |
_aNEW DELHI _bBUTTERWORTH HEINEMAN _c2002 |
||
| 300 | _aIX,285P | ||
| 650 |
_aVEHICLE STRUCTURES _963895 |
||
| 942 |
_cBK _2ddc |
||
| 999 |
_c572585 _d572585 |
||